00772nam a2200181 a 45000010005000000030005000050050017000100080041000270200015000680400026000831000033001092450160001422600058003029420013003609990015003739520101003889520101004891795CDMR20130227125717.0130130s2003||||||||||||||||||||||||||||d a849224822X aCDMRbcatcCPC GIRONA1 93019aPlanes i Albets, Ramon12aL'Arxiu de la Corona d'Aragób: un nou perfil per a l'Arxiu Reial de BarcelonacRamon Planes i Albets, Laureà Pagarolas i Sabaté, Pere Puig i Ustrell c2003bAssociació d'Arxivers de CatalunyaaBarcelona cMON2ddc c1795d1795 00104070aGIRONAbGIRONAd2010-12-03l0oVh 926pGIRONA1311612758r2013-01-16w2013-01-16yMON 00104070aLLEIDAbLLEIDAd2011-08-02l0o252REFpLLEIDA1312613529r2013-01-16w2013-01-16yMON